[Event "Moscow-chT"]
[Site "Moscow"]
[Date "2015.10.18"]
[Round "3.2"]
[White "Kapustin, Yuriy"]
[Black "Mayorov, Vasili"]
[Result "1-0"]
[WhiteElo "2115"]
[BlackElo "2048"]
[PlyCount "91"]
[EventDate "2015.10.15"]
[EventType "team-swiss"]
[EventRounds "9"]
[EventCountry "RUS"]
[SourceTitle "CBM 168 Extra"]
[Source "ChessBase"]
[SourceDate "2015.10.29"]
[SourceVersion "1"]
[SourceVersionDate "2015.10.29"]
[SourceQuality "1"]
[WhiteTeam "Evil Empire"]
[BlackTeam "Automation"]
[WhiteTeamCountry "RUS"]
[BlackTeamCountry "RUS"]

1. e4 c6 2. d4 d5 3. e5 Bf5 4. Nf3 e6 5. Be2 c5 6. 0-0 cxd4 7. Nxd4 Ne7 8. Bg5 Qb6 9. Nc3 Nbc6 10. Bb5 Bg6 11. Na4 Qc7 12. c4 dxc4 13. Nc5 0-0-0 14. Bxc6 bxc6 15. Rc1 Bd3 16. Nf3 Bxf1 17. Qxf1 h6 18. Bd2 Nd5 19. Na6 Qb6 20. Qxc4 Kb7 21. Ba5 Qxa6 22. Qxa6+ Kxa6 23. Bxd8 Bb4 24. Bh4 g5 25. Bg3 Kb7 26. Nd4 Rc8 27. Nb3 a5 28. f3 a4 29. Nc5+ Bxc5+ 30. Rxc5 Rd8 31. Kf1 Ne3+ 32. Ke2 Rd5 33. Rxd5 Nxd5 34. Kd3 Nb4+ 35. Kc4 Nxa2 36. h4 Nc1 37. h5 c5 38. Bf2 Ne2 39. g4 Kc6 40. Bxc5 Kd7 41. Bf8 Ng1 42. Bxh6 Nxf3 43. Bg7 f5 44. exf6 Ne5+ 45. Kb5 Ke8 46. h6 1-0

[Event "Moscow-chT"]
[Site "Moscow"]
[Date "2015.10.17"]
[Round "2.2"]
[White "Arkhipov, Sergey G"]
[Black "Kapustin, Yuriy"]
[Result "1-0"]
[WhiteElo "2507"]
[BlackElo "2115"]
[PlyCount "111"]
[EventDate "2015.10.15"]
[EventType "team-swiss"]
[EventRounds "9"]
[EventCountry "RUS"]
[SourceTitle "CBM 168 Extra"]
[Source "ChessBase"]
[SourceDate "2015.10.29"]
[SourceVersion "1"]
[SourceVersionDate "2015.10.29"]
[SourceQuality "1"]
[WhiteTeam "SergArk team"]
[BlackTeam "Evil Empire"]
[WhiteTeamCountry "RUS"]
[BlackTeamCountry "RUS"]

1. d4 d5 2. c4 c6 3. Nc3 Nf6 4. cxd5 cxd5 5. Bf4 Nc6 6. e3 a6 7. Bd3 Bg4 8. Nge2 e6 9. Qb3 Na5 10. Qa4+ Nc6 11. Rc1 Bd6 12. Bxd6 Qxd6 13. Ng3 0-0 14. a3 e5 15. h3 Bd7 16. dxe5 Qxe5 17. 0-0 d4 18. exd4 Nxd4 19. Qd1 Rfe8 20. Re1 Qxe1+ 21. Qxe1 Rxe1+ 22. Rxe1 Bc6 23. Rd1 Rd8 24. Bc4 Kf8 25. Nf5 Ne6 26. Rxd8+ Nxd8 27. Nd4 Bd7 28. f3 Nc6 29. Nxc6 Bxc6 30. Kf2 Nd7 31. Ke3 Ke7 32. Kd4 f6 33. Nd5+ Kd6 34. Nb4 Ne5 35. Bg8 h6 36. Nxc6 Nxc6+ 37. Ke3 Kc5 38. Be6 a5 39. b3 Ne7 40. Ke4 Kd6 41. Bc4 f5+ 42. Kd4 g5 43. g3 b6 44. Bd3 Nc6+ 45. Ke3 Ne7 46. f4 Nd5+ 47. Kd4 gxf4 48. gxf4 Nxf4 49. Bxf5 Ne6+ 50. Bxe6 Kxe6 51. Kc4 Kd6 52. Kb5 Kc7 53. Ka6 Kc6 54. b4 a4 55. h4 h5 56. Ka7 1-0

[Event "Moscow-chT"]
[Site "Moscow"]
[Date "2015.10.15"]
[Round "1.2"]
[White "Vasilevich, Irina"]
[Black "Kapustin, Yuriy"]
[Result "0-1"]
[WhiteElo "2305"]
[BlackElo "2115"]
[PlyCount "74"]
[EventDate "2015.10.15"]
[EventType "team-swiss"]
[EventRounds "9"]
[EventCountry "RUS"]
[SourceTitle "CBM 168 Extra"]
[Source "ChessBase"]
[SourceDate "2015.10.29"]
[SourceVersion "1"]
[SourceVersionDate "2015.10.29"]
[SourceQuality "1"]
[WhiteTeam "Boavista"]
[BlackTeam "Evil Empire"]
[WhiteTeamCountry "RUS"]
[BlackTeamCountry "RUS"]

1. c4 e5 2. Nc3 Nf6 3. g3 Nc6 4. Bg2 Be7 5. Rb1 0-0 6. d3 a6 7. e3 Rb8 8. Nge2 d6 9. 0-0 Be6 10. Nd5 Qd7 11. b3 b5 12. Bb2 Bh3 13. Nxe7+ Nxe7 14. Rc1 c5 15. Nc3 Rfd8 16. e4 Ng6 17. Rc2 b4 18. Nd5 Nxd5 19. cxd5 Bxg2 20. Kxg2 f5 21. f4 exf4 22. gxf4 Re8 23. Kh1 fxe4 24. dxe4 Rxe4 25. f5 Nh4 26. Rcf2 Qf7 27. Rg1 Rd4 28. Bxd4 Qxd5+ 29. Rfg2 Nxg2 30. Bb2 Qxd1 31. Rxd1 Ne3 32. Rxd6 c4 33. Be5 Re8 34. Bf4 c3 35. Rxa6 Nd5 36. Bg5 h6 37. Rd6 hxg5 0-1